Informe sobre els governs locals supranacionals a la Unió Europea (UE-15)
Descripción Física:
43 p. : 30 cm
MARC
| LEADER | 00000nam a2200000Ia 4500 | ||
|---|---|---|---|
| 001 | 24194 | ||
| 008 | 160829s2005 xx 000 0 cat d | ||
| 080 | |a FU-63-21 | ||
| 245 | |a Informe sobre els governs locals supranacionals a la Unió Europea (UE-15) | ||
| 260 | |a [Barcelona] : |b Diputació de Barcelona, |c 2005 | ||
| 300 | |a 43 p. : |b 30 cm | ||
| 650 | |a Administració local |x Unió Europea, Països de la |9 39546 | ||
| 710 | 1 | |a Barcelona (Catalunya : Província). |b Diputació |9 52408 | |
| 901 | |a Arxiu | ||
| 942 | |n 1 | ||
| 952 | |0 0 |1 0 |4 0 |6 FU6321 |7 1 |9 55664 |a Arxiu |b Arxiu |d 2016-12-01 |l 0 |o FU-63-21 |p 24194 |r 2016-12-01 00:00:00 |w 2016-12-01 |y ARXIU | ||
| 999 | |c 59537 |d 59537 | ||